| 000 | 00470nam a22001697a 4500 | ||
|---|---|---|---|
| 999 |
_c41458 _d41458 |
||
| 003 | OSt | ||
| 005 | 20220310120730.0 | ||
| 008 | 220310b ||||| |||| 00| 0 eng d | ||
| 020 | _a9789355265005 | ||
| 040 | _coclc | ||
| 082 |
_a910 _bKAB/M |
||
| 100 |
_99018 _aKabeer, Ashkar |
||
| 245 |
_aMaldives Varthaanangal/ _cAshkar Kabeer |
||
| 260 |
_aKozhikode: _bKoora Books, _c2021 |
||
| 300 | _a80 pages | ||
| 942 |
_2ddc _cBK _h910 _iKAB/M _k910 _mKAB/M |
||